| 000 | 00366nam a2200133Ia 4500 | ||
|---|---|---|---|
| 008 | 240624s9999 xx 000 0 und d | ||
| 041 | _aeng | ||
| 082 | _a658.4092 PIL | ||
| 100 | _aPILLAO RADHAKRISHNAN | ||
| 245 | _aCHANAKYA S 7 SECRETS OF LEADERSHIP | ||
| 260 |
_c2014 _aMumbai _bJaico Publishing House |
||
| 300 | _axxxvi, : 230 : p. : cm. ; 21 | ||
| 365 |
_cRS _b25 |
||
| 999 |
_c23816 _d23816 |
||